Chronique de l'Ordre

Gespeichert in:  
Bibliographische Detailangaben
Medienart: Elektronisch Rezension
Sprache:Französisch
Verfügbarkeit prüfen: HBZ Gateway
Fernleihe:Fernleihe für die Fachinformationsdienste
Veröffentlicht: 1897
In: Revue bénédictine
Jahr: 1897, Band: 14, Heft: 1/4, Seiten: 326-331
weitere Schlagwörter:B Rezension
Online-Zugang: Volltext (lizenzpflichtig)
Volltext (lizenzpflichtig)

MARC

LEADER 00000caa a22000002c 4500
001 1817523767
003 DE-627
005 20220928015810.0
007 cr uuu---uuuuu
008 220927s1897 xx |||||oo 00| ||fre c
024 7 |a 10.1484/J.RB.4.03174  |2 doi 
035 |a (DE-627)1817523767 
035 |a (DE-599)KXP1817523767 
040 |a DE-627  |b ger  |c DE-627  |e rda 
041 |a fre 
084 |a 1  |2 ssgn 
245 0 0 |a Chronique de l'Ordre 
264 1 |c 1897 
336 |a Text  |b txt  |2 rdacontent 
337 |a Computermedien  |b c  |2 rdamedia 
338 |a Online-Ressource  |b cr  |2 rdacarrier 
655 7 |a Rezension  |0 (DE-588)4049712-4  |0 (DE-627)106186019  |0 (DE-576)209083166  |2 gnd-content 
773 0 8 |i Enthalten in  |t Revue bénédictine  |d Turnhout : Brepols, 1890  |g 14(1897), 1/4, Seite 326-331  |h Online-Ressource  |w (DE-627)742222470  |w (DE-600)2711414-4  |w (DE-576)381271757  |x 2295-9009  |7 nnas 
773 1 8 |g volume:14  |g year:1897  |g number:1/4  |g pages:326-331 
856 4 0 |u https://doi.org/10.1484/J.RB.4.03174  |x Resolving-System  |z lizenzpflichtig  |3 Volltext  |7 1 
856 4 0 |u https://www.brepolsonline.net/doi/abs/10.1484/J.RB.4.03174  |x Verlag  |z lizenzpflichtig  |3 Volltext  |7 1 
935 |a mteo 
951 |a AR 
ELC |a 1 
LOK |0 000 xxxxxcx a22 zn 4500 
LOK |0 001 4192116782 
LOK |0 003 DE-627 
LOK |0 004 1817523767 
LOK |0 005 20220927053410 
LOK |0 008 220927||||||||||||||||ger||||||| 
LOK |0 035   |a (DE-Tue135)IxTheo#2022-09-26#5C3CD1A7857732E467D0482599F3812E52D82CD9 
LOK |0 040   |a DE-Tue135  |c DE-627  |d DE-Tue135 
LOK |0 092   |o n 
LOK |0 852   |a DE-Tue135 
LOK |0 852 1  |9 00 
LOK |0 935   |a ixzs  |a ixrk  |a zota 
LOK |0 939   |a 27-09-22  |b l01 
ORI |a SA-MARC-ixtheoa001.raw